| 000 | 00939nam a22003017a 4500 | ||
|---|---|---|---|
| 001 | 000581 | ||
| 003 | DO-SdBNP | ||
| 005 | 20180126090420.0 | ||
| 007 | 000581 | ||
| 008 | 161020b 1998 sp a ||||| |||| 00| 0 spa d | ||
| 020 | _a9788479601140 | ||
| 040 |
_aBPMSU _bspa _cBPMSU |
||
| 082 |
_axxxx _bxxxx |
||
| 100 | 1 |
_aGarcía Lorca, Federico, _d1898-1936. |
|
| 245 | 1 | 0 |
_aFederico García Lorca para niños / _cedición preparada por Eutimio Martín ; ilustraciones de Federico García Lorca. |
| 250 | _a6a ed. | ||
| 260 |
_aMadrid : _bEdiciones de la Torre, _c1998. |
||
| 300 |
_a138 p. ; _c21 cm. |
||
| 490 | 0 | _aAlba y mayo | |
| 490 | 1 |
_aPoesía _v3 |
|
| 500 | _aIncluye datos biográficos del autor en la solapa de la contracubierta. | ||
| 700 | 1 |
_aMartín, Eutimio, _eed. |
|
| 830 | 0 | _aAlba y mayo. | |
| 830 | 0 |
_aPoesía _v3 |
|
| 942 |
_2ddc _cBK |
||
| 945 | _aInventariado, 2018 / YL | ||
| 956 |
_aLOPEREZ _b10 _cBPMSU |
||
| 999 |
_c11638 _d11638 |
||